Classics of public administration / (Record no. 8709)
[ view plain ]
| 000 -LEADER | |
|---|---|
| fixed length control field | 00852nam a22001817a 4500 |
| 005 - DATE AND TIME OF LATEST TRANSACTION | |
| control field | 20220215115459.0 |
| 008 - FIXED-LENGTH DATA ELEMENTS--GENERAL INFORMATION | |
| fixed length control field | 220215b ||||| |||| 00| 0 eng d |
| 020 ## - INTERNATIONAL STANDARD BOOK NUMBER | |
| International Standard Book Number | 9781305639034 |
| 050 ## - LIBRARY OF CONGRESS CALL NUMBER | |
| Classification number | JF1352.C614(8e) |
| 245 ## - TITLE STATEMENT | |
| Title | Classics of public administration / |
| Statement of responsibility, etc. | Jay M. Shafritz and Albert C. Hyde. |
| 250 ## - EDITION STATEMENT | |
| Edition statement | 8th ed. |
| 260 ## - PUBLICATION, DISTRIBUTION, ETC. | |
| Place of publication, distribution, etc. | Boston : |
| Name of publisher, distributor, etc. | Cengage Learning, |
| Date of publication, distribution, etc. | 2017. |
| 300 ## - PHYSICAL DESCRIPTION | |
| Extent | x, 627p. : |
| Other physical details | ill. ; |
| Dimensions | 24 cm. |
| 500 ## - GENERAL NOTE | |
| General note | Includes references. |
| 505 ## - FORMATTED CONTENTS NOTE | |
| Formatted contents note | Contents (Topical): The discipline of public administration -- Public administration in context -- Bureaucracy -- Organization theory -- Human resources management -- The budgetary process -- Public management -- Public policy and analysis -- Program implementation and evaluation -- Intergovernmental relations -- Public service ethics. |
| 700 ## - ADDED ENTRY--PERSONAL NAME | |
| Personal name | Hdye, Albert C. |
| 942 ## - ADDED ENTRY ELEMENTS (KOHA) | |
| Source of classification or shelving scheme | Library of Congress Classification |
| Koha item type | Books |
| Withdrawn status | Lost status | Source of classification or shelving scheme | Damaged status | Not for loan | Home library | Current library | Shelving location | Date acquired | Full call number | Barcode | Date last seen | Copy number | Price effective from | Koha item type |
|---|---|---|---|---|---|---|---|---|---|---|---|---|---|---|
| Library of Congress Classification | WISCONSIN INTERNATIONAL UNIVERSITY COLLEGE, GHANA - MAIN LIBRARY | WISCONSIN INTERNATIONAL UNIVERSITY COLLEGE, GHANA - MAIN LIBRARY | Reference | 15/02/2022 | JF1352.C614(8e) | 9102/551/22 | 15/02/2022 | 1 | 15/02/2022 | Books |
